[Event "Eastern Asia-ch U10"]
[Site "Tornelo INT"]
[Date "2021.10.30"]
[Round "5"]
[White "Srinandhan, A."]
[Black "Salehi, Mahan"]
[Result "1-0"]
[WhiteElo "1037"]
[BlackElo "1298"]
[PlyCount "137"]
[EventDate "2021.10.29"]
[EventType "swiss"]
[EventRounds "9"]
[EventCountry "NET"]
[SourceTitle "EXT 2023"]
[Source "ChessBase"]
[SourceDate "2022.10.05"]
[SourceVersion "1"]
[SourceVersionDate "2022.10.05"]
[SourceQuality "1"]

1. e4 d6 2. d4 Nf6 3. Nd2 g6 4. Ngf3 Bg7 5. Bc4 0-0 6. 0-0 Bg4 7. Re1 Nc6 8. c3 e5 9. d5 Ne7 10. h3 Bd7 11. Nb3 Ne8 12. Be3 Kh8 13. Qd2 f5 14. Bh6 Ng8 15. Bxg7+ Nxg7 16. exf5 gxf5 17. Qg5 h6 18. Qh4 Qxh4 19. Nxh4 Nf6 20. Ng6+ Kh7 21. Nxf8+ Rxf8 22. Kh2 b5 23. Bd3 Nxd5 24. Rad1 Rf6 25. Bxb5 Bxb5 26. Rxd5 c6 27. Rd2 Re6 28. Nd4 exd4 29. Rxe6 Nxe6 30. cxd4 d5 31. b3 Kg6 32. a4 Ba6 33. Kg3 Kg5 34. Kf3 f4 35. g3 Kf5 36. h4 h5 37. Rd1 Bb7 38. b4 Ba6 39. Kg2 Be2 40. Rd2 f3+ 41. Kh3 Ke4 42. g4 Kf4 43. gxh5 Bf1+ 44. Kh2 Be2 45. h6 Nf8 46. Rc2 Bc4 47. Rc1 Kg4 48. Rg1+ Kh5 49. Kg3 Kxh6 50. Kxf3 Ng6 51. Kg4 Be2+ 52. f3 Bd3 53. h5 Ne7 54. Re1 Nf5 55. Re6+ Kh7 56. Rxc6 Nxd4 57. Rc7+ Kh6 58. Rxa7 Be2 59. Rf7 Bd1 60. Rf6+ Kg7 61. Rf4 Ne2 62. Rf5 Nd4 63. Rg5+ Kh7 64. Kg3 Bxf3 65. b5 Be2 66. Rxd5 Ne6 67. Re5 Bc4 68. b6 Ba6 69. Rxe6 1-0